| Поле | Инд. | ПП | Название | Значение |
|---|---|---|---|---|
| Тип записи | a | |||
| Библиографический уровень | m | |||
| 001 | Контрольный номер | efc075b7b3cd4f4083ce8bcfec149a5e | ||
| 005 | Дата корректировки | 20210622113350.8 | ||
| 020 | a | ISBN | 978-5-94668-150-6 | |
| 040 | a | Служба первич. каталог. | НБ ТвГУ | |
| b | Код языка каталог. | rus | ||
| e | Правила каталог. | PSBO | ||
| 041 | 0_ | a | Код языка текста | rus |
| 080 | a | Индекс УДК | 821.161.1.09'04-94 | |
| 084 | a | Индекс другой классификации/Индекс ББК | Ш33(2=411.2)4-40 | |
| 090 | a | Полочн. индекс | Ш33(2=411.2) | |
| x | Авторский знак | Л 13 | ||
| 097 | b | Оператор | Polyakova.IM | |
| 245 | 10 | a | Заглавие | Лаврентьевская летопись |
| b | Продолж. заглавия | текст, перевод, исследования | ||
| c | Ответственность | Институт русской литературы (Пушкинский Дом) РАН, Российская национальная библиотека ; подготовка текста, перевод и исследования Г. М. Прохорова | ||
| 260 | c | Дата издания | 2017 | |
| a | Место издания | Санкт-Петербург | ||
| b | Издательство | Росток | ||
| 300 | a | Объем | 749 с. | |
| 520 | 0_ | a | Аннотация | Лаврентьевская летопись написана в 1377 г., за три года до Куликовской битвы, по благословению суздальского и нижегородского епископа Дионисия, содержит древнейший список и особую редакцию Повести временных лет, единственный список Поучения Владимира Мономаха, древнейший список древнейшей редакции «Повести о житии Александра Невского», хотя и не полный вследствие утраты листов книги, и особый рассказ о событиях во Владимиро-Суздальской Руси XIII в., в котором погибшие при татарском нашествии русские князья предстают борцами за правоверную веру христианскую. Летопись включена в программу ЮНЕСКО «Память мира». |
| 653 | 0_ | a | Ключевые слова | Литературоведение |
| a | Ключевые слова | Памятники древнерусской литературы | ||
| a | Ключевые слова | Древнерусская литература | ||
| a | Ключевые слова | Литература Древней Руси | ||
| a | Ключевые слова | Древняя Русь | ||
| a | Ключевые слова | Лаврентьевская летопись | ||
| a | Ключевые слова | Летописи | ||
| 700 | 12 | a | Другие авторы | Прохоров Гелиан Михайлович |
| e | Роль лиц | Составитель | ||
| 901 | t | Тип документа | m | |
| 920 | a | Оператор | Поля | |
| a | Оператор | Рунт | ||
| a | Оператор | Стро | ||
| 930 | a | Новая/Ретро | новая | |
| 952 | c | Вид литературы | К рн | |
| 954 | b | Дата поступления в ОК | 20210604 | |
| a | Дата поступления на обработку | 20210622 | ||
| c | Дата окончания ОНО | 20210622 |